25 cities with a country in their name (with a map) - Statistics

General Stats
  • This quiz has been taken 350 times
  • The average score is 14 of 25
Answers on the Map
Answers color-coded by a green-red scale on the quiz's map according to % correct below.
 
Answer Stats
City % Correct
Mexico City (Mexico)
96%
Monaco (Monaco)
96%
Andorra la Vella (Andorra)
95%
Luxembourg City (Luxembourg)
94%
Panama City (Panama)
93%
Kuwait City (Kuwait)
92%
San Marino (San Marino)
92%
Vatican City (Vatican City)
92%
Guatemala City (Guatemala)
91%
Djibouti City (Djibouti)
90%
Singapore (Singapore)
90%
Belize City (Belize)
82%
Port Sudan (Sudan)
64%
Port of Spain (Trinidad and Tobago)
63%
Benin City (Nigeria)
59%
Santiago de Cuba (Cuba)
42%
Fort-de-France (Martinique, France)
17%
Italy (United States)
16%
Greece (United States)
15%
Grenada (United States)
12%
Liberia (Nicaragua)
12%
Norway (United States)
11%
Franceville (Gabon)
9%
Lebanon (United States)
9%
Denmark (United States)
8%
No matching quizzes found
Score Distribution
Percent of People with Each Score
Percentile by Number Answered
Your Score History
You have not taken this quiz